Recuento gráfico: población

Tallennettuna:
Bibliografiset tiedot
Aineistotyyppi: Teksti
Aiheet:
Tagit: Lisää tagi
Ei tageja, Lisää ensimmäinen tagi!

MARC

LEADER 00000 a a2200000 04500
001 3566
003
040
245 |a Recuento gráfico: población 
500 |a Gráficos sobre población mundial: crecimiento anual, mortalidad infantil, esperanza de vida al nacer  
650 |a PROYECCION DE POBLACION  
650 |a MORTALIDAD INFANTIL  
650 |a ESPERANZA DE VIDA  
773 |g volumen 54, número 1; páginas 92  
999 |c 35295  |d 35295